| 000 | 00792nam a2200205 4500 | ||
|---|---|---|---|
| 001 | 5474 | ||
| 005 | 20181127175614.0 | ||
| 008 | 910410s1978 si bs 000 0 eng | ||
| 010 | _a 90944444 | ||
| 043 | _aa-si--- | ||
| 100 |
_a Department of Information and Media. _b _c _d _e _q |
||
| 245 | 1 | 0 |
_aBhutan information and media : _c _bimpact study 2013 / _cDepartment of Information and Media, Ministry of Information and Communications. |
| 260 |
_aThimphu : _b Department of Information and Media, Ministry of Information and Communications, _c2013. |
||
| 300 |
_a115 p. ; _c21 cm. |
||
| 650 | 0 |
_aCommunication _xSocial aspects _zBhutan. |
|
| 650 | 0 |
_aMass media _xSocial aspects _zBhutan. |
|
| 700 | 1 | _a Department of Information and Media. | |
| 710 | 2 | _aUNDP. | |
| 999 |
_c4603 _d4603 |
||